Statistics for Survivor Runner-Ups

Click here to take the quiz!

General Stats

  • This quiz has been taken 41 times
    (30 since last reset)
  • The average score is 51 of 71

Answer Stats

SeasonVotes to WinPerson% Correct
The Australian Outback3Colby Donaldson
100%
Borneo3Kelly Wiglesworth
100%
Micronesia3Amanda Kimmel
93%
China1Amanda Kimmel
93%
South Pacific3Benjamin "Coach" Wade
93%
Winners at War4Natalie Anderson
93%
Redemption Island0Natalie Tenerelli
93%
Cook Islands4Ozzy Lusth
93%
All Stars3Rob Mariano
93%
Heroes vs Villains0Russell Hantz
93%
Samoa2Russell Hantz
93%
Cambodia0Spencer Bledsoe
93%
Kaoh Rong0Tai Trang
93%
Cagayan1Yung "Woo" Hwang
93%
South Pacific0Albert Destrade
86%
China2Courtney Yates
86%
Blood vs Water0Gervase Peterson
86%
Pearl Islands1Lillian Morris
86%
Philippines1Lisa Whelchel
86%
421Michael "Mike" Turner
86%
Philippines1Michael Skupin
86%
Heroes vs Villains3Parvati Shallow
86%
Tocantins0Stephen Fishbach
86%
Cambodia0Tasha Fox
86%
Kaoh Rong2Aubry Bracco
79%
Caramoan0Dawn Meehan
79%
Gabon0Jessica "Sugar" Kiper
79%
Africa2Kim Johnson
79%
Winners at War0Michele Fitzgerald
79%
Blood vs Water1Monica Culpepper
79%
Redemption Island1Phillip Sheppard
79%
One World2Sabrina Thompson
79%
Cook Islands0Becky Lee
71%
Game Changers3Brad Culpepper
71%
One World0Chelsea Meissner
71%
Heroes vs Healers vs Hustlers2Chrissy Hofbeck
71%
Nicaragua0Matthew "Sash" Lenahan
71%
David vs Goliath3Mike White
71%
Heroes vs Healers vs Hustlers1Ryan Ulrich
71%
Guatemala1Stephenie LaGrossa
71%
Game Changers0Troy "Troyzan" Robertson
71%
Fiji0Andria "Dreamz" Herd
64%
Worlds Apart1Carolyn Rivera
64%
Nicaragua4Chase Rice
64%
Panama2Danielle DiLorenzo
64%
Island of the Idols2Dean Kowalski
64%
San Juan del Sur1Missy Payne
64%
Worlds Apart1Will Sims II
64%
David vs Goliath0Angelina Keeley
57%
Thailand3Clay Jordan
57%
Ghost Island5Domenick Abbate
57%
Millennials vs Gen X0Hannah Shapiro
57%
San Juan del Sur2Jacklyn Schultz
57%
Palau1Katie Gallagher
57%
Millennials vs Gen X0Ken McNickle
57%
Ghost Island0Laurel Johnson
57%
Samoa0Mick Trimming
57%
Marquesas3Neleh Dennis
57%
Island of the Idols0Noura Salman
57%
Caramoan0Sherri Biethman
57%
Gabon3Susie Smith
57%
Fiji0Cassandra Franklin
50%
431Cassidy Clark
50%
Edge of Extinction4Gavin Whitson
50%
Edge of Extinction0Julie Rosenberg
50%
The Amazon1Matthew Von Ertfelda
50%
430Owen Knight
50%
420Romeo Escobar
50%
Vanuatu2Twila Tanner
50%
411Deshawn Radden
43%
410Xander Hastings
43%

Score Distribution

Percentile by Number Answered

Percent of People with Each Score

Your Score History

You have not taken this quiz since the last reset